000 00760nam a2200265Ia 4500
003 OSt
005 20220928124331.0
006 a|||||r|||| 00| 0
007 ta
008 220927b |||||||| |||| 00| 0 eng d
020 _c3095.5500000000002
024 _a119436
037 _b2432, 04/09/2013, Vibha Book International
_cTextual
040 _aSDCL
_cSDCL
_beng
041 _2eng
_aeng
082 _aB6:3, Q3
100 _aMcCleary John
_9448095
245 0 _aGeometry from a differentiable viewpoint .
250 _a2nd
260 _aDelhi
_bCUP
_c2013
300 _axv;357p
_ccm.
650 _aMathematics
942 _hB6:3, Q3
_cTEXL
_2CC
999 _c777351
_d777351